Most Streamed Coldplay Songs - Statistics

General Stats
  • This quiz has been taken 134 times
    92 since last reset
  • The average score is 11 of 20
Answer Stats
# Streams Answer % Correct
3 2,851,247,862 Viva La Vida
95%
2 3,133,459,305 Yellow
95%
4 2,430,825,770 The Scientist
86%
12 1,236,813,222 Clocks
77%
6 1,833,468,795 Fix You
73%
7 1,731,787,929 Hymn for the Weekend
71%
14 681,612,340 Hymn for the Weekend - Seeb Remix
71%
8 1,615,191,815 Paradise
70%
1 3,238,609,695 Something Just Like This
70%
11 1,309,127,521 Adventure of a Lifetime
67%
5 2,027,943,925 A Sky Full of Stars
59%
9 1,474,662,052 My Universe
55%
10 1,466,175,886 Sparks
45%
19 358,432,084 Every Teardrop Is a Waterfall
26%
20 357,454,827 Speed of Sound
24%
16 431,482,653 In My Place
23%
17 415,577,893 Higher Power
20%
13 766,818,338 Magic
20%
15 433,368,986 Trouble
17%
18 367,856,159 Christmas Lights
6%
No matching quizzes found
Score Distribution
Percent of People with Each Score
Percentile by Number Answered
Your Score History
You have not taken this quiz since the last reset